00532 2200181 4500001002100000005001500021035002000036007000300056008004100059082001400100084001800114245011000132250001400242260003400256300002700290650001000317990002300327INLIS00000000003001220260226082444 a0010-0226000117ta260226 g 0 ind  a899.221 3 a899.221 3 RUM aRumpun Cerita Kehidupan yang tersisa dari sebuah perjalanan penulis /cSiswa-siswi SMA Negeri 1 Singorojo aCetakan 1 aKendal :bDigdaya Book,c2025 av, 94 halaman ;c21 cm 4aFiksi a7/KL/DINARPUS/2026